00611nam a2200193Ia 4500008004100000020001400041082001200055100002000067245005600087250000800143260004500151300002700196500001900223600003300242650001600275942000700291952010400298999001500402240925s9999 xx 000 0 und d a132266229 a510 BOY aBoyce ,John G. 0aMathematics: for technical and vocational students  a9th aNew Jersey:bPrintice- Hall Int.c,1996. aix,358p.bNAfOriginal aIncludes Index aHumanities & Natural Science aMathematics cBK 001040708HUMaUITUbUITUd2000-10-10eNAl0o510 BOYpQ3412r2024-09-25 07:13:08w2024-09-25yBK c5911d5911